Statistics for 2022 K League Teams

Click here to take the quiz!

General Stats

  • This quiz has been taken 44 times
  • The average score is 18 of 23

Answer Stats

Last seasonAnswer% Correct
#7FC Seoul
100%
WinnersJeonbuk Hyundai Motors
100%
Runner-upUlsan Hyundai
96%
#4Jeju United FC
93%
#3Daegu FC
89%
(KL1 #12)Gwangju FC
89%
#8Incheon United FC
89%
#10Seongnam FC
89%
#5Suwon FC
89%
#6Suwon Samsung Bluewings
89%
#5Busan I Park
85%
#11Gangwon FC
85%
#4 (FA Cup Winner)Jeonnam Dragons
85%
#9 (ACL Runner-up)Pohang Steelers
85%
Runner-up (After PO)Daejeon Hana Citizen
81%
(KL2 Winner)Gimcheon Sangmu FC
70%
#8Chungnam Asan FC
67%
#6Gyeongnam FC
67%
#7Ansan Greeners FC
63%
#3FC Anyang
59%
#10Bucheon FC 1995
52%
(K3L)Gimpo FC
48%
#9Seoul E Land FC
48%

Score Distribution

Percentile by Number Answered

Percent of People with Each Score

Your Score History

You have not taken this quiz